00617nam a2200193Ia 4500008004100000020001400041082001400055100002300069245004100092250000700133260004500140300003100185500001900216600003300235650001600268942000700284952011700291999001500408240925s9999 xx 000 0 und d a137119615 a519.2 SOL aSolomon, Frederick 0aProbability and Stochastic Processes aNA aNew Jersey:bPrintice- Hall Int.c,1987. axxxvii,888p.bNAfOriginal aIncludes Index aHumanities & Natural Science aMathematics cBK 001040708HUMaUITUbUITUd2000-01-14eM-Aming95.00l0o519.2 SOLpQ2210r2024-09-25 07:12:42w2024-09-25yBK c4709d4709